Comentario Bíblico San Jerónimo (Registro nro. 31662)
[ vista simple ]
| 000 -LÍDER | |
|---|---|
| Campo fijo de descripción fija | 022740000a22002650004500 |
| 001 - NÚMERO DE CONTROL | |
| Campo de control | 113 |
| 003 - IDENTIFICADOR DEL NÚMERO DE CONTROL | |
| Campo de control | CO-MdFUSB |
| 005 - FECHA Y HORA DE LA ULTIMA TRANSACCIÓN | |
| control field | 20160531091640.0 |
| 008 - ELEMENTOS DE LONGITUD FIJA -- INFORMACIÓN GENERAL | |
| Campo fijo de descripción fija -- Información general | 160531b1971 sp g |||| 00| 0 spa d |
| 020 ## - NÚMERO INTERNACIONAL NORMALIZADO PARA LIBROS | |
| Número Internacional Normalizado del libro | 84-7057-107-9 |
| 040 ## - FUENTE DE CATALOGACIÓN | |
| Agencia de catalogación original | CO-MdFUSB |
| Idioma de catalogación | Español |
| Agencia que realiza la transcripción | CO-MdFUSB |
| Agencia que realiza la modificación | CO-MdFUSB |
| 041 0# - CÓDIGO DE IDIOMA | |
| Código de idioma para texto/pista de sonido o título separado | spa |
| 082 04 - NÚMERO DE CLASIFICACIÓN DECIMAL DEWEY | |
| Número de clasificación | R 220.7 B87717c |
| 100 1# - ASIENTO PRINCIPAL--NOMBRE PERSONAL | |
| Nombre personal | Brown, Raymond E. |
| 245 00 - TÍTULO | |
| Título del Material | Comentario Bíblico San Jerónimo |
| Mención de responsabilidad, etc. | / Raymond E. Brown, Joseph A. Fitzmyer, Roland E. Murphy |
| 264 ## - PRODUCCIÓN, PUBLICACIÓN, DISTRIBUCIÓN, MANUFACTURA, Y COPYRIGHT | |
| Lugar de producción, publicación, distribución, manufactura | Madrid, España |
| Nombre del productor, publicador, distribuidor | : Cristiandad, |
| Fecha de producción, publicación, distribución, manufactura, o copyright | 1971 |
| 300 ## - DESCRIPCIÓN FÍSICA | |
| Extensión | 886 Pag. |
| 336 ## - TIPO DE CONTENIDO | |
| Fuente | rdacontent |
| Término de tipo de contenido | |
| Código de tipo de contenido | |
| 337 ## - TIPO DE MEDIO | |
| Fuente | rdamedia |
| Nombre del tipo de medio | |
| Código del tipo de medio | |
| 338 ## - TIPO DE SOPORTE | |
| Fuente | rdacarrier |
| Nombre del tipo de soporte | |
| Código Tipo de soporte | |
| 500 ## - NOTA GENERAL | |
| Nota General | Título original : The Jerome biblical commentary |
| 505 00 - NOTA DE CONTENIDO | |
| Nota de contenido con formato preestablecido | Vol. 1 : Introducción al pentateuco, Génesis, Éxodo, Levítico, Números, Deutoronomio, Josué, Jueces, 1 y 2 de Samuel, 1 y 2 de Reyes, Excursus : Israel y sus vecinos, Introducción a la literatura profética, Poesía hebrea, Amós, Oseas, Isaías 1-39, Miqueas, Sofonías, Nahúm, Habacuc, Jeremías. Vol. 2 : Período posexílico, Ezequiel, Déutero-Isaías, Ageo, Zacarías, Malaquías, El Cronista : 1 y2 de Crónicas, Esdrás y Nehemias, Joel, Abdías, Daniel, 1 y2 de Macabeos, Introducción a la literatura sapiencial, Proverbios, Cantar de los Cantares, Job, Ecliesiastés (Qohelet), Eclesiástico (Sirac), Sabiduría, Salmos, Rut, Lamentaciones, Baruc, Tobías, Judit, Ester, Jonás. Vol. 3 : Nuevo Testamento : El problema sinóptico, Crítica moderna del Nuevo Testamento, Marcos, Mateo, Lucas, Hechos de los apóstoles, Vida de San Pablo, Tesalonicenses, Gálatas, Filipenses, 1 y 2 Corintios, Romanos, Filemón, Colosenses, Efesios, Cartas pastorales, 1 y 2 de Pedro, Santiago, Judas, Hebreos, 1,2 y 3 de Juan, Evangelio de Juan, Apocalipsis. Vol. 5 : Estudios Sítemáticos : Inspiración e inerrancia, Canonicidad, Apócrifos, manuscritos del mar muerto, otros escritos judíos, textos y versiones, crítica moderna del Antiguo Testamento, Hermenéutica, Declaraciones de la Iglesia, Geografía bíblica, Arqueología bíblica, Historia de Israel, Instituciones religiosas de Israel, Aspectos del pensamiento veterotestamentario, Teología de San Pablo, Teología de San Juan. |
| 653 ## - TÉRMINO DE INDIZACIÓN - NO CONTROLADO | |
| Término no controlado | BIBLIA |
| -- | - COMENTARIOS |
| 942 ## - TIPO DE MATERIAL (KOHA) | |
| Tipo de Item KOHA | Libros General |
| Estado de Material | Estado de Perdido | Forma de Clasificación | Estado de Dañado | No para Préstamo | Colección | Tomo | Biblioteca de Origen | Biblioteca Permanente | Fecha de Adquisición | Total de Préstamos | Signatura Topográfica | Código de Barras | Última vez visto | Última vez Préstado | Ejemplar/Existencia | Fecha de Remplazo | Tipo de Material | Total de Renovaciones |
|---|---|---|---|---|---|---|---|---|---|---|---|---|---|---|---|---|---|---|
| Dewey Decimal Classification | Colección de Referencia | Biblioteca FUSBC | Biblioteca FUSBC | 26/08/2004 | 2 | R 220.7 B87717c | 7995 | 12/03/2026 | 27/08/2019 | Vol. 1,ej. 1 | 26/01/2016 | Libros de Referencia | ||||||
| Dewey Decimal Classification | Colección de Referencia | Biblioteca FUSBC | Biblioteca FUSBC | 26/08/2004 | 1 | R 220.7 B87717c | 7999 | 20/11/2024 | 18/11/2024 | Vol. 5, ej. 1 | 26/01/2016 | Libros de Referencia | ||||||
| Dewey Decimal Classification | Colección de Referencia | Biblioteca FUSBC | Biblioteca FUSBC | 26/08/2004 | 1 | R 220.7 B87717c | 7998 | 23/09/2024 | 08/03/2018 | Vol. 4, ej. 1 | 26/01/2016 | Libros de Referencia | ||||||
| Dewey Decimal Classification | Colección de Referencia | Biblioteca FUSBC | Biblioteca FUSBC | 26/08/2004 | 1 | R 220.7 B87717c | 7997 | 20/09/2024 | 02/05/2018 | Vol. 3, ej. 1 | 26/01/2016 | Libros de Referencia | ||||||
| Dewey Decimal Classification | Colección de Referencia | Biblioteca FUSBC | Biblioteca FUSBC | 26/08/2004 | 3 | R 220.7 B87717c | 7996 | 09/03/2026 | 07/05/2022 | Vol. 2, ej. 1 | 26/01/2016 | Libros de Referencia | 1 |
